00542nam a22001337a 4500003000400000005001700004008004100021040001100062100007600073245019500149250000800344260004800352300000800400OSt20240418164210.0240418b |||||||| |||| 00| 0 eng d cMRSPTU aJaspal, Partap Singh (ਜਸਪਾਲ, ਪ੍ਰਤਾਪ ਸਿੰਘ) aSamast ILahi Jot Baba Nand Singh Ji Maharaj of Kaeran (ਸਮੱਸਤ ਇਲਾਹੀ ਜੋਤ ਬਾਬਾ ਨੰਦ ਸਿੰਘ ਜੀ ਮਹਾਰਾਜ (ਕਲੇਰਾ ਵਾਲੇ)) a1st aNew DelhibReliance Publishing House c2005 a196